[Event "VI Torneo del Litorale A"]
[Site "Roma ITA"]
[Date "1998.02.13"]
[Round "1"]
[White "Medori, Marco"]
[Black "De Vita, Igor"]
[Result "0-1"]
[WhiteElo "1606"]
[BlackElo "2125"]
[PlyCount "110"]
[EventDate "1998.02.13"]

1.e4 Nf6 2.d3 e5 3.f4 Nc6 4.fxe5 Nxe5 5.Bf4 Ng6 6.Be3 d5 7.exd5 Nxd5 8.Bd2
Bc5 9.Qe2+ Be6 10.Nc3 O-O 11.Qh5 Be3 12.Nxd5 Bxd2+ 13.Kxd2 Bxd5 14.Nf3 Qd6
15.c4 Bxc4 16.b3 Ba6 17.Ng5 h6 18.Ne4 Qd4 19.Rc1 Rad8 20.Qf3 Ne5 21.Qe3 
Qb4+ 22.Kc2 Bxd3+ 23.Bxd3 Rxd3 24.Qf4 Rc3+ 25.Kb1 Rxc1+ 26.Rxc1 Nd3 27.
Nf6+ gxf6 28.Qg3+ Kh8 29.Qxd3 Qf4 30.Rf1 Qxh2 31.Rxf6 Qg1+ 32.Kb2 Qxg2+ 
33.Ka3 Qg5 34.Qc3 Kh7 35.Rf3 Qe7+ 36.Kb2 f5 37.Qd3 Qf6+ 38.Kc2 b6 39.Qd7+ 
Rf7 40.Qd1 f4 41.Qd3+ Qf5 42.Kd2 Qxd3+ 43.Rxd3 f3 44.Ke1 Kg6 45.Kf2 Kg5 
46.Rd5+ Kf4 47.Rd4+ Ke5 48.Rc4 c5 49.Rh4 Rf6 50.b4 Kd5 51.bxc5 bxc5 52.Ra4
a6 53.Ra5 Kd4 54.Ra3 c4 55.Re3 c3 0-1

[Event "VI Torneo del Litorale A"]
[Site "Roma ITA"]
[Date "1998.02.13"]
[Round "1"]
[White "Pagliarini, Altivio"]
[Black "Galdelli, Fabiano"]
[Result "1/2-1/2"]
[WhiteElo "1489"]
[BlackElo "1669"]
[PlyCount "186"]
[EventDate "1998.02.13"]

1.d4 Nf6 2.c4 e6 3.Bg5 d5 4.cxd5 exd5 5.Nc3 c6 6.e3 Be7 7.Bd3 Nbd7 8.Nf3 
O-O 9.O-O h6 10.Bh4 Ne8 11.Bg3 Ndf6 12.h3 Nd6 13.Nd2 Bf5 14.Qc2 Bxd3 15.
Qxd3 Qd7 16.Be5 Nc8 17.Na4 Nd6 18.Nc5 Qc8 19.b4 Nd7 20.Rac1 Nxc5 21.bxc5 
Ne8 22.Rb1 Bd8 23.Nb3 Bc7 24.f4 f6 25.Bxc7 Qxc7 26.f5 Rf7 27.Rf3 b6 28.Qa6
Qd8 29.a4 Nc7 30.Qd3 b5 31.Na5 Qd7 32.Nb7 a6 33.Nd6 Re7 34.a5 Ne8 35.Nxe8 
Raxe8 36.Rb3 Re4 37.Qd2 R8e7 38.Qf2 Qd8 39.Qd2 Qe8 40.Qf2 Qh5 41.g4 Qe8 
42.Qd2 Qb8 43.Qh2 Qxh2+ 44.Kxh2 Kf7 45.Kg2 g6 46.Kf2 g5 47.Kg3 h5 48.gxh5 
Rh4 49.Kf2 Rxh5 50.Rg3 Kg7 51.Kg2 Rh8 52.Rg4 Kf7 53.Rg3 Rhe8 54.Kf2 Rb7 
55.Rb4 Rbe7 56.Rb3 Rh8 57.Kg2 Re4 58.Rg4 Rh4 59.Rxe4 Rxe4 60.Kf3 Kg7 61.
Rb1 Kh6 62.Rg1 Kh5 63.Rg4 Re7 64.e4 b4 65.exd5 b3 66.Rg1 cxd5 67.Rb1 Rb7 
68.c6 Rc7 69.Rxb3 Rxc6 70.Ke3 g4 71.hxg4+ Kxg4 72.Rb6 Rc3+ 73.Kd2 Ra3 74.
Rxf6 Rxa5 75.Rf8 Kg5 76.Kc3 Ra3+ 77.Kb4 Rf3 78.Ra8 Kxf5 79.Rxa6 Ke4 80.Ra1
Kxd4 81.Rd1+ Rd3 82.Re1 Rd2 83.Kb3 Kd3 84.Re5 d4 85.Rh5 Re2 86.Rh3+ Re3 
87.Rh2 Rf3 88.Rh1 Kd2+ 89.Kc4 d3 90.Rh2+ Ke3 91.Kc3 Rg3 92.Rd2 Ke4 93.Rh2 
Rf3 1/2-1/2

[Event "VI Torneo del Litorale A"]
[Site "Roma ITA"]
[Date "1998.02.13"]
[Round "1"]
[White "Pezzaldi, Roberto"]
[Black "Gradari, Marco"]
[Result "1-0"]
[WhiteElo "2095"]
[BlackElo "1549"]
[PlyCount "58"]
[EventDate "1998.02.13"]

1.c4 Nf6 2.Nf3 e6 3.g3 d5 4.Bg2 Bd6 5.Nc3 dxc4 6.Qa4+ Qd7 7.Qxc4 O-O 8.O-O
a6 9.d4 Qe7 10.e4 b5 11.Qe2 Bb4 12.a4 c6 13.axb5 Bxc3 14.bxc3 Rd8 15.bxa6 
Bxa6 16.Qe3 Bxf1 17.Rxa8 Ba6 18.d5 cxd5 19.Qb6 Bb7 20.Ba3 Qd7 21.Nd4 Qc8 
22.Ra7 Nfd7 23.Qxb7 Ne5 24.Bd6 Qxb7 25.Rxb7 Nbd7 26.exd5 exd5 27.Bxd5 h6 
28.c4 Nf6 29.Bxe5 Nxd5 1-0

[Event "VI Torneo del Litorale A"]
[Site "Roma ITA"]
[Date "1998.02.13"]
[Round "1"]
[White "Quimi, Marco"]
[Black "Petricevic, Pavo"]
[Result "1-0"]
[WhiteElo "2225"]
[BlackElo "1582"]
[PlyCount "59"]
[EventDate "1998.02.13"]

1.e4 e5 2.Nf3 Nc6 3.Bb5 d6 4.O-O Bd7 5.c3 a6 6.Ba4 Be7 7.d4 exd4 8.cxd4 
Nf6 9.Nc3 O-O 10.h3 h6 11.Re1 Nh7 12.Be3 Ng5 13.Nxg5 Bxg5 14.f4 Bh4 15.Rf1
Kh7 16.d5 Ne7 17.Bc2 f5 18.Qh5 Bf6 19.Rae1 Be8 20.Qd1 Bg6 21.g4 Bxc3 22.
bxc3 fxe4 23.f5 Nxf5 24.gxf5 Bxf5 25.Rxf5 Rxf5 26.Bxe4 g6 27.Bxf5 gxf5 28.
Qh5 Qf6 29.Bxh6 Rg8+ 30.Bg5+ 1-0

[Event "VI Torneo del Litorale A"]
[Site "Roma ITA"]
[Date "1998.02.14"]
[Round "2"]
[White "Abuhamdieh, Arafat"]
[Black "Russi, Roberto"]
[Result "1-0"]
[WhiteElo "1357"]
[BlackElo "1780"]
[PlyCount "42"]
[EventDate "1998.02.13"]

1.e4 g6 2.Nf3 Bg7 3.d4 c6 4.Be2 d6 5.O-O Nf6 6.Nbd2 O-O 7.Re1 Nbd7 8.b3 c5
9.c3 a6 10.Bb2 b5 11.c4 Qb6 12.d5 b4 13.Rb1 a5 14.a4 bxa3 15.Bxa3 Qc7 16.
Bd3 Ng4 17.h3 Nge5 18.Bf1 Nb6 19.Bb2 Nxf3+ 20.Nxf3 Bd7 21.Bxg7 Kxg7 1-0

[Event "VI Torneo del Litorale A"]
[Site "Roma ITA"]
[Date "1998.02.14"]
[Round "2"]
[White "Cenni, Franco"]
[Black "Iacoacci, Giancarlo"]
[Result "0-1"]
[WhiteElo "1621"]
[BlackElo "1549"]
[PlyCount "94"]
[EventDate "1998.02.13"]

1.c4 Nf6 2.Nf3 g6 3.g3 d6 4.Bg2 Bg7 5.O-O O-O 6.Nc3 c6 7.e4 Bg4 8.d3 Nbd7 
9.Rb1 a5 10.Bf4 e5 11.Be3 Ne8 12.h3 Bxf3 13.Qxf3 Nc7 14.Qe2 Ne6 15.Qd2 Nd4
16.Bxd4 exd4 17.Ne2 f5 18.a3 Qc7 19.f4 a4 20.b4 axb3 21.Rxb3 Nc5 22.Rbb1 
Rxa3 23.Nc1 fxe4 24.Bxe4 Nxe4 25.Qb2 Nxg3 26.Rf3 Ra7 27.Rxg3 Rxf4 28.Ne2 
Rh4 29.Kg2 c5 30.Qb5 Qc6+ 31.Qxc6 bxc6 32.Rb8+ Bf8 33.Rc8 Rf7 34.Ng1 Rhf4 
35.Nf3 d5 36.cxd5 cxd5 37.h4 Re7 38.Rxc5 Re2+ 39.Kf1 Re3 40.Rxd5 Rfxf3+ 
41.Rxf3 Rxf3+ 42.Ke2 Rf4 43.h5 Rf5 44.Rxd4 Rxh5 45.Kf3 Re5 46.Rd7 Re6 47.
Kg4 Rd6 0-1

[Event "VI Torneo del Litorale A"]
[Site "Roma ITA"]
[Date "1998.02.14"]
[Round "2"]
[White "Corinthios, Raimondo"]
[Black "Dentale, Enrico"]
[Result "1-0"]
[WhiteElo "1468"]
[BlackElo "1552"]
[PlyCount "112"]
[EventDate "1998.02.13"]

1.e4 e5 2.Nf3 Nc6 3.Bc4 Bc5 4.c3 Nf6 5.d4 exd4 6.cxd4 Bb4+ 7.Nc3 Nxe4 8.
O-O Bxc3 9.d5 Bf6 10.Re1 Ne7 11.Rxe4 d6 12.Bg5 Bxg5 13.Nxg5 h6 14.Nf3 Bf5 
15.Re3 O-O 16.Qb3 Rb8 17.Rae1 Ng6 18.Nd4 Bd7 19.Bd3 Ne5 20.Bb1 Qf6 21.Nf3 
Rfe8 22.Nxe5 Rxe5 23.Qc2 Bf5 24.Qxc7 Rbe8 25.Rxe5 Rxe5 26.Qb8+ Kh7 27.
Bxf5+ Qxf5 28.Rf1 Rxd5 29.Qxb7 a5 30.Qb3 Rb5 31.Qc3 Rc5 32.Qb3 Rc2 33.h3 
f6 34.g4 Qc5 35.Qd3+ Kg8 36.Qe4 Rxb2 37.Qe8+ Kh7 38.Qe4+ Kg8 39.Qe8+ Kh7 
40.Qe4+ f5 41.gxf5 Qe5 42.Qd3 Qf6 43.Re1 Qg5+ 44.Kf1 Qd2 45.Qg3 Qg5 46.Qd3
Rd2 47.Qf3 Qf6 48.Re6 Qa1+ 49.Kg2 Rd1 50.Qe4 Qd4 51.Qf3 Rd3 52.Qh5 Qd5+ 
53.Kh2 Qxa2 54.Qg6+ Kh8 55.Re8+ Qg8 56.Rxg8+ Kxg8 1-0

[Event "VI Torneo del Litorale A"]
[Site "Roma ITA"]
[Date "1998.02.14"]
[Round "2"]
[White "De Vita, Igor"]
[Black "Scagliarini, Bruno"]
[Result "1-0"]
[WhiteElo "2125"]
[BlackElo "1758"]
[PlyCount "39"]
[EventDate "1998.02.13"]

1.e4 e6 2.Nf3 d5 3.Nc3 d4 4.Ne2 c5 5.c3 Nc6 6.cxd4 cxd4 7.Qa4 Bd7 8.Nexd4 
Bc5 9.Nxc6 Bxc6 10.Bb5 Ne7 11.d4 Bb6 12.Bg5 f6 13.Be3 O-O 14.Bxc6 Nxc6 15.
O-O Qe7 16.Rac1 Rfd8 17.Rfd1 f5 18.Bg5 Qf7 19.Bxd8 Nxd8 20.Ne5 1-0

[Event "VI Torneo del Litorale A"]
[Site "Roma ITA"]
[Date "1998.02.14"]
[Round "2"]
[White "Di Lascio, Savino"]
[Black "Farina, Saverio"]
[Result "0-1"]
[WhiteElo "1864"]
[BlackElo "2200"]
[PlyCount "104"]
[EventDate "1998.02.13"]

1.Nf3 d5 2.g3 c5 3.Bg2 Nc6 4.O-O Nf6 5.d3 e6 6.Nbd2 Be7 7.c3 O-O 8.Qc2 b5 
9.e4 a5 10.a4 b4 11.c4 dxe4 12.Nxe4 Bb7 13.Be3 Qb6 14.b3 Rfd8 15.Rad1 Nxe4
16.dxe4 Bf6 17.Rxd8+ Rxd8 18.Rd1 Nd4 19.Bxd4 Bxd4 20.Nxd4 cxd4 21.c5 Qc7 
22.f4 e5 23.f5 Rc8 24.Rc1 Qe7 25.h4 Qf6 26.Qd3 Qh6 27.Rc2 Ba6 28.Qd1 Qe3+ 
29.Kh2 Qxb3 30.f6 Qe3 31.Qg4 g6 32.Bf1 d3 33.Rc4 Qf2+ 34.Bg2 Qd2 35.c6 Qh6
36.Rc5 Qf8 37.Rxe5 Rxc6 38.Qd7 Rc8 39.Rxa5 Rd8 40.Qe7 d2 41.Bf3 Bc4 42.Bd1
b3 43.Qe5 Rb8 44.Qb2 Qb4 45.Re5 h5 46.Rg5 Qxa4 47.Qxd2 Qa2 48.Qxa2 bxa2 
49.Bxh5 a1=Q 50.Bxg6 Rb2+ 51.Kh3 Qf1+ 52.Kg4 Be2# 0-1

[Event "VI Torneo del Litorale A"]
[Site "Roma ITA"]
[Date "1998.02.14"]
[Round "2"]
[White "Gradari, Marco"]
[Black "Marinelli, Franco"]
[Result "0-1"]
[WhiteElo "1549"]
[BlackElo "1453"]
[PlyCount "90"]
[EventDate "1998.02.13"]

1.d4 d5 2.c4 c6 3.e3 Bf5 4.cxd5 cxd5 5.Bd3 Bxd3 6.Qxd3 e6 7.Bd2 Nf6 8.Nf3 
Be7 9.Nc3 O-O 10.O-O Nc6 11.a3 Rc8 12.Rac1 a6 13.Rc2 Na5 14.Na2 Rxc2 15.
Qxc2 Nc4 16.Bb4 Bd6 17.Rc1 Ne8 18.Bxd6 Nexd6 19.Nd2 Qc8 20.Nxc4 Nxc4 21.b3
Nb6 22.Qxc8 Rxc8 23.Rxc8+ Nxc8 24.Nc3 Nd6 25.Kf1 Kf8 26.Ke2 Ke7 27.Kd3 f5 
28.f3 g5 29.g3 Kf6 30.e4 dxe4+ 31.fxe4 e5 32.Nd5+ Ke6 33.Nc3 f4 34.gxf4 
exf4 35.h3 h5 36.Ke2 g4 37.hxg4 hxg4 38.Kf2 Kf6 39.Kg2 Kg6 40.Kh2 Kh5 41.
d5 Nf7 42.b4 Kh4 43.a4 f3 44.b5 g3+ 45.Kg1 f2+ 0-1

[Event "VI Torneo del Litorale A"]
[Site "Roma ITA"]
[Date "1998.02.14"]
[Round "2"]
[White "Martelli, Andrea"]
[Black "Pagliarini, Altivio"]
[Result "1-0"]
[WhiteElo "1770"]
[BlackElo "1489"]
[PlyCount "105"]
[EventDate "1998.02.13"]

1.Nf3 Nf6 2.c4 e6 3.g3 c6 4.Bg2 d5 5.b3 Nbd7 6.Bb2 Nb6 7.Qc2 Be7 8.O-O a5 
9.d4 a4 10.c5 axb3 11.axb3 Rxa1 12.Bxa1 Nbd7 13.Nbd2 O-O 14.b4 b5 15.Bb2 
h6 16.Ra1 Qc7 17.Nb3 Bb7 18.Bc1 Ra8 19.Rxa8+ Bxa8 20.Qa2 Qc8 21.Qa7 Qb7 
22.Qa1 Bd8 23.Bb2 Bc7 24.Ne5 Nxe5 25.dxe5 Nd7 26.f4 Qb8 27.Nd4 Bb7 28.e4 
Qa8 29.Qxa8+ Bxa8 30.exd5 exd5 31.e6 Nf6 32.Bf3 Kf8 33.Kf2 Ke7 34.Nf5+ 
Kxe6 35.Nxg7+ Ke7 36.Nf5+ Ke6 37.Nxh6 Ne4+ 38.Ke3 f5 39.g4 fxg4 40.Bxg4+ 
Ke7 41.Nf5+ Kf8 42.Bf3 Kf7 43.Bxe4 dxe4 44.Kxe4 Bb7 45.Be5 Bxe5 46.Kxe5 
Ba8 47.Kd6 Ke8 48.Kc7 Kf7 49.Kb8 Ke6 50.Ne3 Kd7 51.Kxa8 Kc7 52.Ng4 Kd7 53.
Kb7 1-0

[Event "VI Torneo del Litorale A"]
[Site "Roma ITA"]
[Date "1998.02.14"]
[Round "2"]
[White "Pagano, Sergio M."]
[Black "Gardon, Ermanno"]
[Result "1-0"]
[WhiteElo "2200"]
[BlackElo "1818"]
[PlyCount "113"]
[EventDate "1998.02.13"]

1.d4 Nf6 2.c4 c5 3.d5 b5 4.Nf3 Bb7 5.a4 bxc4 6.Nc3 g6 7.e4 d6 8.Bxc4 Bg7 
9.Bb5+ Nfd7 10.O-O O-O 11.Re1 Na6 12.Bg5 Nb4 13.Qd2 Rc8 14.Bh6 Nf6 15.Bxg7
Kxg7 16.Bc4 Nd7 17.a5 Rb8 18.Rad1 Qc8 19.h4 Nf6 20.b3 Qd8 21.e5 Ne8 22.h5 
dxe5 23.Nxe5 Nd6 24.Ng4 Bc8 25.Qh6+ Kg8 26.hxg6 hxg6 27.Ne5 Nf5 28.Qh2 Bd7
29.d6 e6 30.Ne4 Kg7 31.Nxd7 Qxd7 32.Qh7+ Kxh7 33.Nf6+ Kg7 34.Nxd7 Nd4 35.
Re5 Rbd8 36.Nxf8 Kxf8 37.Rxc5 Rxd6 38.Kf1 Rc6 39.Rxc6 Ndxc6 40.Rd7 Nxa5 
41.Rxa7 Nxc4 42.bxc4 Ke8 43.Ke2 f6 44.Kd2 Nc6 45.Rc7 Ne5 46.f4 Nf7 47.Kd3 
e5 48.Rxf7 Kxf7 49.fxe5 f5 50.c5 Ke6 51.c6 g5 52.Ke3 Ke7 53.g3 Ke6 54.Kd4 
Ke7 55.Kd5 Ke8 56.e6 Kd8 57.Kd4 1-0

[Event "VI Torneo del Litorale A"]
[Site "Roma ITA"]
[Date "1998.02.14"]
[Round "2"]
[White "Puliatti, Carlo"]
[Black "Pezzaldi, Roberto"]
[Result "1/2-1/2"]
[WhiteElo "1797"]
[BlackElo "2095"]
[PlyCount "70"]
[EventDate "1998.02.13"]

1.e4 e6 2.d4 d5 3.Nd2 c5 4.c3 cxd4 5.cxd4 Nc6 6.Ngf3 Nf6 7.e5 Ne4 8.Bd3 
Bb4 9.O-O f5 10.exf6 Nxf6 11.Qe2 O-O 12.Nb3 Qe7 13.Bg5 Bd6 14.Rfe1 Nb4 15.
Bb1 h6 16.Bd2 Bd7 17.Ne5 Bxe5 18.dxe5 Ne8 19.a3 Nc6 20.Qd3 g5 21.Nc5 Bc8 
22.Nxe6 Bxe6 23.Qg6+ Qg7 24.Qxe6+ Qf7 25.Qxf7+ Rxf7 26.Ba2 Nc7 27.Rad1 Re7
28.Bc3 Rd8 29.b4 a6 30.Bb2 Kf8 31.Bd4 Nxd4 32.Rxd4 Rde8 33.f4 Ne6 34.Rxd5 
Nxf4 35.Rf1 Kg7 1/2-1/2

[Event "VI Torneo del Litorale A"]
[Site "Roma ITA"]
[Date "1998.02.14"]
[Round "2"]
[White "Scacco, Mauro"]
[Black "Corvi, Marco"]
[Result "1/2-1/2"]
[WhiteElo "2050"]
[BlackElo "2320"]
[PlyCount "82"]
[EventDate "1998.02.13"]

1.e4 c5 2.Nf3 e6 3.d4 cxd4 4.Nxd4 a6 5.Bd3 Qc7 6.O-O Nc6 7.Nxc6 dxc6 8.Kh1
Nf6 9.f4 b5 10.a4 Bb7 11.Be3 Be7 12.Nd2 h5 13.e5 Ng4 14.Bg1 Rd8 15.Qe2 f6 
16.Ne4 Kf8 17.Nc5 Kf7 18.Be4 Rb8 19.axb5 axb5 20.Ra7 Bxc5 21.Bxc5 Ra8 22.
Rfa1 Rxa7 23.Rxa7 Ra8 24.Rxa8 Bxa8 25.h3 Nh6 26.g4 hxg4 27.hxg4 Qd8 28.Bf3
Nxg4 29.Bxg4 Qd5+ 30.Bf3 Qxc5 31.Qe4 b4 32.Qd3 Qf2 33.Qe4 Bb7 34.Bg2 Qc5 
35.Kh2 Qe7 36.Kg3 Ba6 37.Qc4 Qb7 38.Qc5 Kg8 39.Be4 Kf7 40.Kf3 Kg8 41.Qd6 
Kf7 1/2-1/2

[Event "VI Torneo del Litorale A"]
[Site "Roma ITA"]
[Date "1998.02.14"]
[Round "2"]
[White "Tommasini, Enzo"]
[Black "Casella, Carlo"]
[Result "1-0"]
[WhiteElo "2095"]
[BlackElo "1639"]
[PlyCount "47"]
[EventDate "1998.02.13"]

1.d4 d5 2.c4 e6 3.Nc3 Nf6 4.cxd5 exd5 5.Bg5 Be7 6.e3 c6 7.Qc2 Bg4 8.Bd3 h6
9.Bh4 Nbd7 10.f3 Be6 11.Nge2 Nb6 12.O-O g5 13.Bf2 g4 14.Nf4 gxf3 15.gxf3 
Qd7 16.Nxe6 fxe6 17.Bg6+ Kd8 18.Kh1 Kc7 19.Bg3+ Bd6 20.Nb5+ Kd8 21.Nxd6 
Rg8 22.Nf7+ Kc8 23.Ne5 Qe7 24.Bh4 1-0

[Event "VI Torneo del Litorale A"]
[Site "Roma ITA"]
[Date "1998.02.14"]
[Round "2"]
[White "Tosoni, Augusto"]
[Black "Quimi, Marco"]
[Result "1/2-1/2"]
[WhiteElo "1948"]
[BlackElo "2225"]
[PlyCount "145"]
[EventDate "1998.02.13"]

1.e4 c5 2.Nf3 Nc6 3.d4 cxd4 4.Nxd4 Nf6 5.Nc3 e6 6.Nxc6 bxc6 7.Bd3 Qc7 8.
O-O Bd6 9.f4 h5 10.Kh1 Bc5 11.Be2 h4 12.e5 Nd5 13.Ne4 Be7 14.c4 Nb6 15.h3 
Bb7 16.Nd6+ Bxd6 17.exd6 Qc8 18.b3 c5 19.Bf3 Bxf3 20.Qxf3 Qc6 21.Qd3 Nc8 
22.Rd1 f5 23.Bb2 Rh6 24.Rd2 Rg6 25.Rad1 Kf7 26.Qe2 a5 27.a4 Rb8 28.Rd3 Rb6
29.Be5 Qb7 30.Rb1 Qe4 31.Qf1 Na7 32.Re1 Qb7 33.Ree3 Nc6 34.Rf3 Nb4 35.Rc3 
Nc6 36.Qf2 Nxe5 37.fxe5 Qe4 38.Rce3 Qa8 39.Rxf5+ Kg8 40.Rf4 Rb8 41.Ref3 
Rh6 42.Rf7 Qe4 43.Qxc5 Rg6 44.R7f4 Qe2 45.Rg4 Rxg4 46.hxg4 Rxb3 47.Rxb3 
Qd1+ 48.Kh2 Qxb3 49.Qxa5 Qg3+ 50.Kh1 h3 51.Qa8+ Kh7 52.Qf3 hxg2+ 53.Qxg2 
Qe1+ 54.Qg1 Qe4+ 55.Qg2 Qe1+ 56.Kh2 Qxe5+ 57.Qg3 Qe2+ 58.Kh3 Qf1+ 59.Kh2 
Qxc4 60.Qe5 Qxg4 61.a5 g6 62.a6 Qa4 63.Qg5 Qc2+ 64.Kh3 Qd3+ 65.Qg3 Qf1+ 
66.Kh2 Qe2+ 67.Kh3 Qf1+ 68.Kh2 Qxa6 69.Qh4+ Kg7 70.Qe7+ Kh6 71.Qxd7 Qe2+ 
72.Kg3 Qe3+ 73.Kg2 1/2-1/2

[Event "VI Torneo del Litorale A"]
[Site "Roma ITA"]
[Date "1998.02.15"]
[Round "3"]
[White "Abuhamdieh, Arafat"]
[Black "Tosoni, Augusto"]
[Result "0-1"]
[WhiteElo "1357"]
[BlackElo "1948"]
[PlyCount "104"]
[EventDate "1998.02.13"]

1.e4 c5 2.Nf3 d6 3.d4 cxd4 4.Nxd4 Nf6 5.Nc3 g6 6.Bb5+ Bd7 7.Bxd7+ Qxd7 8.
O-O Bg7 9.Re1 O-O 10.Bg5 Nc6 11.Rb1 Rfd8 12.Nb3 h6 13.Bh4 Nh7 14.Nd5 h5 
15.f4 Re8 16.c3 e6 17.Ne3 Nf6 18.Bxf6 Bxf6 19.e5 Be7 20.g4 hxg4 21.Nxg4 
Kg7 22.Re3 d5 23.Rd3 Qc7 24.Rc1 Rad8 25.Rc2 a5 26.a4 Rc8 27.Kh1 Nb4 28.Rg2
Nxd3 29.Qxd3 Qc4 30.Qxc4 Rxc4 31.Nxa5 Rxa4 32.b4 d4 33.cxd4 Rxb4 34.Rc2 
Ra8 35.Nc4 Rc8 36.Nge3 Rc6 37.Kg2 b5 38.Na5 Rxc2+ 39.Nxc2 Rb2 40.Kf3 Rxc2 
41.h3 b4 42.Ke3 Rc3+ 43.Ke4 b3 44.Nxb3 Rxb3 45.d5 Rb4+ 46.Kd3 exd5 47.Ke3 
Bc5+ 48.Kd3 Rb3+ 49.Ke2 d4 50.h4 Re3+ 51.Kd2 Bb4+ 52.Kd1 d3 0-1

[Event "VI Torneo del Litorale A"]
[Site "Roma ITA"]
[Date "1998.02.15"]
[Round "3"]
[White "Corvi, Marco"]
[Black "Puliatti, Carlo"]
[Result "1-0"]
[WhiteElo "2320"]
[BlackElo "1797"]
[PlyCount "79"]
[EventDate "1998.02.13"]

1.e4 e5 2.Nf3 Nc6 3.Bb5 a6 4.Ba4 Nf6 5.O-O b5 6.Bb3 Be7 7.Re1 O-O 8.c3 d5 
9.exd5 Nxd5 10.Nxe5 Nxe5 11.Rxe5 c6 12.d4 Bd6 13.Re1 Qh4 14.g3 Qh3 15.Bxd5
cxd5 16.Qf3 Be6 17.Be3 Rae8 18.Nd2 f5 19.Bf4 Bxf4 20.gxf4 Qh6 21.Re5 Rf6 
22.Kh1 Rg6 23.Rg1 Kf7 24.Rxg6 hxg6 25.Qg3 Qh5 26.Nf3 Kf6 27.Kg2 a5 28.Qg5+
Kf7 29.Qxh5 gxh5 30.Ng5+ Kf6 31.Nxe6 Rxe6 32.Rxd5 Rb6 33.h4 a4 34.Kf3 b4 
35.c4 b3 36.a3 Re6 37.Re5 Rd6 38.Ke3 Ra6 39.Kd3 Rb6 40.c5 1-0

[Event "VI Torneo del Litorale A"]
[Site "Roma ITA"]
[Date "1998.02.15"]
[Round "3"]
[White "Dentale, Enrico"]
[Black "Russi, Roberto"]
[Result "1-0"]
[WhiteElo "1552"]
[BlackElo "1780"]
[PlyCount "103"]
[EventDate "1998.02.13"]

1.d4 g6 2.Nf3 Bg7 3.Bf4 Nf6 4.Nc3 c5 5.d5 Qa5 6.Nd2 Qb4 7.Bxb8 Rxb8 8.e4 
a6 9.a3 Qxb2 10.Na4 Qe5 11.Be2 Nxe4 12.O-O Qxd5 13.Nxe4 Qxe4 14.c3 d6 15.
Re1 Qf4 16.g3 Qf6 17.Nb6 O-O 18.Nd5 Qg5 19.h4 Qh6 20.Nxe7+ Kh8 21.Qxd6 Be6
22.Qxc5 Rfe8 23.Rad1 Bf6 24.Nd5 Rbc8 25.Qb6 Qg7 26.Nxf6 Qxf6 27.Qxb7 Qxc3 
28.Rc1 Qxa3 29.Rxc8 Bxc8 30.Qxf7 Qe7 31.Qxe7 Rxe7 32.Rc1 Bb7 33.Kf1 Kg7 
34.h5 Bg2+ 35.Kxg2 Rxe2 36.hxg6 hxg6 37.Kf3 Ra2 38.Ke3 a5 39.Rc6 a4 40.f3 
a3 41.Kf4 Ra1 42.Ra6 a2 43.g4 Kf7 44.Kg5 Rf1 45.Rxa2 Rxf3 46.Ra7+ Kg8 47.
Kxg6 Rf8 48.g5 Kh8 49.Rf7 Rg8+ 50.Kh6 Rg7 51.Rf8+ Rg8 52.Rxg8+ 1-0

[Event "VI Torneo del Litorale A"]
[Site "Roma ITA"]
[Date "1998.02.15"]
[Round "3"]
[White "Gardon, Ermanno"]
[Black "Petricevic, Pavo"]
[Result "1-0"]
[WhiteElo "1818"]
[BlackElo "1582"]
[PlyCount "51"]
[EventDate "1998.02.13"]

1.e4 e5 2.Nf3 Nc6 3.Bb5 d6 4.d4 exd4 5.Nxd4 Bd7 6.Bxc6 bxc6 7.O-O Be7 8.
Qf3 c5 9.Nf5 Bf6 10.Nc3 Ne7 11.Nh6 Be6 12.Nd5 Be5 13.Ng4 Ng6 14.Nxe5 Nxe5 
15.Qg3 O-O 16.f4 Bxd5 17.exd5 Ng6 18.f5 Ne5 19.Bh6 Qf6 20.Bg5 Nf3+ 21.Rxf3
Qxb2 22.Re1 Kh8 23.f6 g6 24.Qh3 Rae8 25.Ref1 Re2 26.Qh6 1-0

[Event "VI Torneo del Litorale A"]
[Site "Roma ITA"]
[Date "1998.02.15"]
[Round "3"]
[White "Iacoacci, Giancarlo"]
[Black "Di Lascio, Savino"]
[Result "0-1"]
[WhiteElo "1549"]
[BlackElo "1864"]
[PlyCount "132"]
[EventDate "1998.02.13"]

1.d4 Nf6 2.Nf3 b6 3.e3 e6 4.Bd3 Bb7 5.O-O Be7 6.Nbd2 d5 7.b3 O-O 8.Bb2 
Nbd7 9.Qe2 Ne4 10.Ba6 Qc8 11.Bxb7 Qxb7 12.c4 Ndf6 13.Rac1 Qa6 14.a3 Rac8 
15.Rfe1 Rfe8 16.cxd5 Qxe2 17.Rxe2 exd5 18.Nxe4 Nxe4 19.Nd2 Nd6 20.f3 Bg5 
21.Nf1 f5 22.f4 Bxf4 23.Rcc2 Bg5 24.Bc1 Nb5 25.Kf2 Re7 26.a4 Nd6 27.Ba3 c5
28.dxc5 bxc5 29.Kf3 Ne4 30.Ng3 Rb7 31.b4 c4 32.b5 Rf7 33.Nxe4 dxe4+ 34.Kg3
Bxe3 35.h4 f4+ 36.Kh3 Rd7 37.Bc1 Bxc1 38.Rxc1 e3 39.Kg4 Rd4 40.Kf3 c3 41.
g3 Rcc4 42.a5 fxg3 43.Rxe3 c2 44.Re2 Rd3+ 45.Kg2 Rxh4 46.Rexc2 Rh2+ 47.Kg1
Rxc2 48.Rxc2 Rb3 49.Rc8+ Kf7 50.Rc7+ Kf6 51.b6 axb6 52.Rc6+ Kf5 53.Rxb6 
Ra3 54.a6 Kg4 55.Rb7 Kh3 56.Rb1 Rxa6 57.Kh1 Ra2 58.Kg1 g5 59.Kh1 g4 60.Kg1
h5 61.Kh1 g2+ 62.Kg1 g3 63.Re1 Rf2 64.Rd1 Rf1+ 65.Rxf1 gxf1=Q+ 66.Kxf1 Kh2
0-1

[Event "VI Torneo del Litorale A"]
[Site "Roma ITA"]
[Date "1998.02.15"]
[Round "3"]
[White "Maddaloni, Giovanni"]
[Black "Gradari, Marco"]
[Result "1-0"]
[WhiteElo "1586"]
[BlackElo "1549"]
[PlyCount "37"]
[EventDate "1998.02.13"]

1.e4 e6 2.d4 d5 3.e5 c5 4.Nf3 cxd4 5.Bd3 Nc6 6.O-O f6 7.Bb5 a6 8.Bxc6+ 
bxc6 9.Qxd4 Qc7 10.Bf4 f5 11.c4 Ne7 12.cxd5 cxd5 13.Nc3 h6 14.Rac1 Nc6 15.
Nxd5 exd5 16.Qxd5 Bb7 17.e6 Ne7 18.Qd1 Qd8 19.Qa4+ 1-0

[Event "VI Torneo del Litorale A"]
[Site "Roma ITA"]
[Date "1998.02.15"]
[Round "3"]
[White "Medori, Marco"]
[Black "Marinelli, Franco"]
[Result "1-0"]
[WhiteElo "1606"]
[BlackElo "1453"]
[PlyCount "109"]
[EventDate "1998.02.13"]

1.e4 d6 2.d4 Nf6 3.Nc3 g6 4.Nf3 Bg7 5.Bc4 O-O 6.O-O c6 7.e5 dxe5 8.dxe5 
Nfd7 9.e6 fxe6 10.Bxe6+ Kh8 11.Ng5 Ne5 12.Qxd8 Rxd8 13.Bf4 h6 14.Bxe5 hxg5
15.Bxg7+ Kxg7 16.Bxc8 Rxc8 17.Ne4 Kh6 18.Nc5 b6 19.Ne6 Nd7 20.Rad1 Nf8 21.
Rfe1 Nxe6 22.Rxe6 Rc7 23.f3 Rf8 24.Rd4 Kg7 25.Ra4 Re8 26.Kf2 Kh6 27.h4 
gxh4 28.Rxh4+ Kg7 29.Rg4 c5 30.Rexg6+ Kf7 31.Rh6 Rf8 32.Rh7+ Ke8 33.Re4 
Rd7 34.Ke2 Kd8 35.g4 Rg8 36.b3 Ke8 37.a4 Kd8 38.Kf2 Rd2+ 39.Re2 Rd7 40.Kg3
Ke8 41.f4 Kd8 42.f5 Rf8 43.Rh6 Kc7 44.Rhe6 Rf7 45.Kf4 Rg7 46.g5 Rh7 47.g6 
Rg7 48.Kg5 Kd8 49.Kh6 Rg8 50.Kh7 Re8 51.g7 Rd4 52.Rh2 Rg4 53.f6 exf6 54.
Rxe8+ Kxe8 55.g8=Q+ 1-0

[Event "VI Torneo del Litorale A"]
[Site "Roma ITA"]
[Date "1998.02.15"]
[Round "3"]
[White "Occhipinti, Massimo"]
[Black "Scacco, Mauro"]
[Result "0-1"]
[WhiteElo "1704"]
[BlackElo "2050"]
[PlyCount "44"]
[EventDate "1998.02.13"]

1.e4 e5 2.f4 d5 3.exd5 e4 4.d3 Nf6 5.dxe4 Nxe4 6.Nf3 Bc5 7.Bb5+ c6 8.dxc6 
Qa5+ 9.Nc3 O-O 10.Bd3 Nf6 11.h3 Nxc6 12.Bd2 Re8+ 13.Ne2 Qb6 14.Kf1 Be6 15.
Ng5 Bd5 16.Nc3 Nb4 17.Na4 Qc6 18.Rh2 Qxa4 19.Nxh7 Nxh7 20.Bxh7+ Kxh7 21.
Qh5+ Kg8 22.f5 Qb5+ 0-1

[Event "VI Torneo del Litorale A"]
[Site "Roma ITA"]
[Date "1998.02.15"]
[Round "3"]
[White "Pezzaldi, Roberto"]
[Black "Galdelli, Fabiano"]
[Result "1-0"]
[WhiteElo "2095"]
[BlackElo "1669"]
[PlyCount "141"]
[EventDate "1998.02.13"]

1.c4 e5 2.Nc3 Nc6 3.Nf3 Nf6 4.g3 g6 5.d4 exd4 6.Nxd4 Bg7 7.Nxc6 bxc6 8.Bg2
Bb7 9.O-O O-O 10.Be3 h6 11.Qd2 Kh7 12.Rfd1 d6 13.b4 Qb8 14.Rab1 Re8 15.Bd4
Qc8 16.Qf4 Qe6 17.b5 Nh5 18.Qd2 Bxd4 19.Qxd4 c5 20.Qd3 Bxg2 21.Kxg2 Nf6 
22.e4 Rad8 23.a4 Kg7 24.f3 Nd7 25.Nd5 Rc8 26.a5 Nf6 27.Qc3 Qe5 28.Qxe5 
Rxe5 29.Nxf6 Kxf6 30.b6 axb6 31.axb6 Ke7 32.bxc7 Rxc7 33.Rb6 Rd7 34.Ra1 
Kf6 35.Raa6 Re6 36.Kf2 g5 37.Rb8 Kg7 38.Raa8 Rg6 39.Ke3 Re7 40.Rg8+ Kf6 
41.Rgd8 Kg7 42.Ra6 Ree6 43.Rd7 Rgf6 44.f4 gxf4+ 45.gxf4 d5 46.Rxe6 d4+ 47.
Kd3 Rxe6 48.Rc7 Ra6 49.Rxc5 Ra3+ 50.Kxd4 Rh3 51.Rb5 Rxh2 52.c5 Kf8 53.Rb3 
h5 54.Rc3 Ke8 55.c6 Kd8 56.c7+ Kc8 57.Ke5 Rg2 58.Kf6 Rg4 59.Kf5 Rg2 60.Kf6
Rg4 61.Rf3 h4 62.Kxf7 Rg3 63.Rf2 Kxc7 64.e5 h3 65.f5 Rg2 66.Rf1 h2 67.Rh1 
Rf2 68.f6 Re2 69.e6 Kd8 70.e7+ Kd7 71.Rd1+ 1-0

[Event "VI Torneo del Litorale A"]
[Site "Roma ITA"]
[Date "1998.02.15"]
[Round "3"]
[White "Quimi, Marco"]
[Black "De Luca, Stefano"]
[Result "1/2-1/2"]
[WhiteElo "2225"]
[BlackElo "1600"]
[PlyCount "103"]
[EventDate "1998.02.13"]

1.d4 Nf6 2.c4 c5 3.d5 e6 4.Nc3 exd5 5.cxd5 d6 6.e4 g6 7.Bd3 Bg7 8.f4 O-O 
9.Nf3 Bg4 10.h3 Bxf3 11.Qxf3 Na6 12.g4 Nb4 13.Bd2 Re8 14.O-O-O Nxd3+ 15.
Qxd3 b5 16.g5 Nd7 17.Nxb5 Qb6 18.Nc3 Rab8 19.Na4 Qb7 20.Bc3 Bxc3 21.bxc3 
c4 22.Qc2 Qa6 23.Kd2 Nb6 24.Nb2 Nd7 25.Rhe1 Qxa2 26.Na4 Qxc2+ 27.Kxc2 Nb6 
28.Nxb6 axb6 29.e5 Red8 30.e6 Re8 31.Ra1 Rb7 32.exf7+ Kxf7 33.Rxe8 Kxe8 
34.Ra8+ Kf7 35.Rd8 Re7 36.Kd2 Re4 37.Rxd6 Rxf4 38.Rd7+ Kg8 39.d6 Rf3 40.
Rd8+ Kf7 41.d7 Rd3+ 42.Kc2 Ke7 43.Rh8 Kxd7 44.Rxh7+ Ke6 45.h4 Rh3 46.Kb2 
Rh1 47.Rh6 Kf5 48.Rh7 Kg4 49.Rg7 Kf5 50.Rf7+ Ke4 51.Re7+ Kf5 52.Rg7 
1/2-1/2